000 00486nam a2200169 i 4500
001 89315
003 ES-MaACL
005 20230906180138.0
007 t|
008 050110s1967 sp ||||1| spa d
100 1 _aLarrea Redondo, Antonio.
_970342
245 1 0 _aInjerto de la vid /
_cpor Antonio Larrea Redondo.
250 _a2ª ed.
260 _aMadrid :
_bMinisterio de Agricultura,
_c1967.
300 _a105 p., 1 lám. :
_bil. ;
_c19 cm.
852 _aES-MaACL
_jC-32166
_bR.62825
999 _c89315
_d89315